MARC-detaljer
| 000 -LEADER |
| fixed length control field |
04272cam a2200865 a 4500 |
| 001 - CONTROL NUMBER |
| control field |
13500519 |
| 003 - CONTROL NUMBER IDENTIFIER |
| control field |
LIBRIS |
| 005 - DATE AND TIME OF LATEST TRANSACTION |
| control field |
20201022121847.0 |
| 008 - FIXED-LENGTH DATA ELEMENTS--GENERAL INFORMATION |
| fixed length control field |
120808s2012 sw |||||||||||000 h|swe| |
| 020 ## - INTERNATIONAL STANDARD BOOK NUMBER |
| International Standard Book Number |
9789113047973 |
| Qualifying information |
inb. |
| 035 ## - SYSTEM CONTROL NUMBER |
| System control number |
(Bo)507745 |
| 040 ## - CATALOGING SOURCE |
| Original cataloging agency |
LGEN |
| Modifying agency |
S |
| Description conventions |
a |
| 041 ## - LANGUAGE CODE |
| Language code of text/sound track or separate title |
swe |
| 082 04 - DEWEY DECIMAL CLASSIFICATION NUMBER |
| Classification number |
839.7874 |
| Edition number |
23/swe |
| 100 1# - MAIN ENTRY--PERSONAL NAME |
| Personal name |
Gardell, Jonas, |
| Dates associated with a name |
1963- |
| Authority record control number or standard number |
https://libris.kb.se/dbqssvrx3ttdbpn#it |
| 245 10 - TITLE STATEMENT |
| Title |
Jesus sista ord på korset var inte "härifrån ser man hela Mariannelund!" / |
| Statement of responsibility, etc. |
Jonas Gardell. |
| 264 #1 - PRODUCTION, PUBLICATION, DISTRIBUTION, MANUFACTURE, AND COPYRIGHT NOTICE |
| Place of production, publication, distribution, manufacture |
Stockholm : |
| Name of producer, publisher, distributor, manufacturer |
Norstedt, |
| Date of production, publication, distribution, manufacture, or copyright notice |
2012 |
| 264 #3 - PRODUCTION, PUBLICATION, DISTRIBUTION, MANUFACTURE, AND COPYRIGHT NOTICE |
| Place of production, publication, distribution, manufacture |
Finland |
| 300 ## - PHYSICAL DESCRIPTION |
| Extent |
125 s. |
| Dimensions |
19 cm |
| 340 ## - PHYSICAL MEDIUM |
| Dimensions |
19 cm |
| 500 ## - GENERAL NOTE |
| General note |
Originalupplaga 2012 |
| 500 ## - GENERAL NOTE |
| Institution to which field applies |
Bo |
| General note |
Annan upplaga kan finnas vid biblioteket |
| 887 ## - NON-MARC INFORMATION FIELD |
| Content of non-MARC field |
{"@id":"zh9dm9v93c3v79t","modified":"2015-12-23T12:41:33+01:00","checksum":"52280990731"} |
| Source of data |
librisxl |
| 887 ## - NON-MARC INFORMATION FIELD |
| Content of non-MARC field |
{"@id":"kpxtlzkq4hfwjgp","modified":"2016-01-25T12:19:52+01:00","checksum":"53498213617"} |
| Source of data |
librisxl |
| 887 ## - NON-MARC INFORMATION FIELD |
| Content of non-MARC field |
{"@id":"fkrdvs8l560j4km","modified":"2014-04-01T12:13:42+02:00","checksum":"42628059046"} |
| Source of data |
librisxl |
| 887 ## - NON-MARC INFORMATION FIELD |
| Content of non-MARC field |
{"@id":"pt1hx7jv214sqb7","modified":"2012-11-26T14:04:56+01:00","checksum":"69249818514"} |
| Source of data |
librisxl |
| 887 ## - NON-MARC INFORMATION FIELD |
| Content of non-MARC field |
{"@id":"mrzdqb8s3xtrcl0","modified":"2013-02-12T10:29:50+01:00","checksum":"44722762406"} |
| Source of data |
librisxl |
| 887 ## - NON-MARC INFORMATION FIELD |
| Content of non-MARC field |
{"@id":"hmt9th8n48b593c","modified":"2012-12-13T17:08:48+01:00","checksum":"50177872468"} |
| Source of data |
librisxl |
| 887 ## - NON-MARC INFORMATION FIELD |
| Content of non-MARC field |
{"@id":"8dl24prf127g3g4","modified":"2013-01-21T11:41:56+01:00","checksum":"48819981827"} |
| Source of data |
librisxl |
| 887 ## - NON-MARC INFORMATION FIELD |
| Content of non-MARC field |
{"@id":"gls8pmlm0555bxw","modified":"2012-11-23T14:51:05+01:00","checksum":"45517346851"} |
| Source of data |
librisxl |
| 887 ## - NON-MARC INFORMATION FIELD |
| Content of non-MARC field |
{"@id":"8dl1rfgf3vt5l50","modified":"2012-12-13T17:24:32+01:00","checksum":"48002637613"} |
| Source of data |
librisxl |
| 887 ## - NON-MARC INFORMATION FIELD |
| Content of non-MARC field |
{"@id":"pt1hv0wv334cmcb","modified":"2012-11-14T15:12:20+01:00","checksum":"13305055004"} |
| Source of data |
librisxl |
| 887 ## - NON-MARC INFORMATION FIELD |
| Content of non-MARC field |
{"@id":"mrzdq64s1xqr040","modified":"2012-11-05T11:44:47+01:00","checksum":"43890977180"} |
| Source of data |
librisxl |
| 887 ## - NON-MARC INFORMATION FIELD |
| Content of non-MARC field |
{"@id":"fkr7dv8l47g03rk","modified":"2013-01-23T13:26:50+01:00","checksum":"52758111868"} |
| Source of data |
librisxl |
| 887 ## - NON-MARC INFORMATION FIELD |
| Content of non-MARC field |
{"@id":"6bj93l6c1t28bcv","modified":"2015-01-27T19:52:39+01:00","checksum":"56132827908"} |
| Source of data |
librisxl |
| 887 ## - NON-MARC INFORMATION FIELD |
| Content of non-MARC field |
{"@id":"chp4hr1j1hhd2qz","modified":"2012-11-09T16:11:39+01:00","checksum":"21598297717"} |
| Source of data |
librisxl |
| 887 ## - NON-MARC INFORMATION FIELD |
| Content of non-MARC field |
{"@id":"8dl2ll4f29dhf0p","modified":"2012-12-07T14:07:39+01:00","checksum":"52501613176"} |
| Source of data |
librisxl |
| 887 ## - NON-MARC INFORMATION FIELD |
| Content of non-MARC field |
{"@id":"mrzh3cgs2d72ghh","modified":"2013-08-13T09:44:49+02:00","checksum":"47169604053"} |
| Source of data |
librisxl |
| 900 1s - EQUIVALENCE OR CROSS-REFERENCE-PERSONAL NAME [LOCAL, CANADA] |
| Linkage |
100 |
| Dates associated with a name |
1963- |
| Affiliation |
Gardell, Jonas, |
| Dates associated with a name |
1963- |
| 900 1s - EQUIVALENCE OR CROSS-REFERENCE-PERSONAL NAME [LOCAL, CANADA] |
| Linkage |
100 |
| Dates associated with a name |
1963- |
| Affiliation |
Gardell, Jonas, |
| Dates associated with a name |
1963- |
| 900 1s - EQUIVALENCE OR CROSS-REFERENCE-PERSONAL NAME [LOCAL, CANADA] |
| Linkage |
100 |
| Dates associated with a name |
1963- |
| Affiliation |
Gardell, Jonas, |
| Dates associated with a name |
1963- |
| 900 1s - EQUIVALENCE OR CROSS-REFERENCE-PERSONAL NAME [LOCAL, CANADA] |
| Linkage |
100 |
| Dates associated with a name |
1963- |
| Affiliation |
Gardell, Jonas, |
| Dates associated with a name |
1963- |
| 942 ## - ADDED ENTRY ELEMENTS (KOHA) |
| Source of classification or shelving scheme |
Other/Generic Classification Scheme |
| Koha item type |
Bok |
| 949 ## - LOCAL PROCESSING INFORMATION (OCLC) |
| 5 |
G |
| 6 |
6000029871 |
| a |
12/1097 |
| s |
7500 |
| t |
YNNNN |